[Event "10.Città di Padova Open A"]
[Site "Padova Ex Fornace Carotta"]
[Date "2007.12.23"]
[Round "9.14"]
[White "Litrico, Paolo"]
[Black "Palumbo, Giuseppe"]
[Result "1/2-1/2"]
[WhiteElo "1823"]
[BlackElo "1613"]
[Annotator "Gabriele Ballarin"]
[PlyCount "133"]
[EventDate "2007.12.15"]
[EventType "swiss"]
[EventRounds "9"]
[EventCountry "ITA"]

1. d4 Nf6 2. Nf3 g6 3. Nc3 d5 4. Bf4 c6 5. e3 Nbd7 6. Ne5 Nh5 7. Nxd7 Bxd7 8. Be5 f6 9. Bg3 Nxg3 10. hxg3 e5 11. e4 dxe4 12. Nxe4 f5 13. Nd2 exd4 14. Qf3 Qa5 15. O-O-O O-O-O 16. Bc4 Bg7 17. Rde1 Bf6 18. Qb3 Qb6 19. Qd3 c5 20. f3 Qd6 21. f4 Rde8 22. Bf7 Rxe1+ 23. Rxe1 b5 24. Qa3 a6 25. Nf3 Kb7 26. Ne5 Rf8 27. Qf3+ Ka7 28. Nxd7 Qxd7 29. Be6 Qc7 30. Bd5 Bd8 31. Re6 Rf6 32. Re8 Rd6 33. Rf8 Rd7 34. a3 Re7 35. Ba8 Qb8 36. Bc6 Re1+ 37. Kd2 Ba5+ 38. b4 Qxf8 39. Kxe1 cxb4 40. Qd5 bxa3+ 41. Kd1 Qd8 42. Qf7+ Qc7 43. Qe8 Kb6 44. Bd5 Bb4 45. Qe6+ Ka5 46. Bb3 Qe7 47. Qxe7 Bxe7 48. Ke2 Kb4 49. Kd3 Bc5 50. Bg8 a5 51. Kd2 a2 52. Bxa2 Ka3 53. Bg8 h6 54. Bh7 g5 55. Bxf5 gxf4 56. gxf4 Kb2 57. Bd7 b4 58. f5 b3 59. cxb3 Kxb3 60. Kd3 a4 61. Be6+ Kb4 62. f6 a3 63. g4 Kb5 64. f7 Kc6 65. f8=Q Bxf8 66. Kxd4 Kd6 67. Ba2 1/2-1/2

[Event "10.Città di Padova Open A"]
[Site "Padova Ex Fornace Carotta"]
[Date "2007.12.23"]
[Round "9.16"]
[White "Lodi, Paolo"]
[Black "Topollaj, Mark"]
[Result "1-0"]
[WhiteElo "1465"]
[BlackElo "1413"]
[Annotator "Gabriele Ballarin"]
[PlyCount "90"]
[EventDate "2007.12.15"]
[EventType "swiss"]
[EventRounds "9"]
[EventCountry "ITA"]

1. Nf3 e6 2. c4 c6 3. b3 Be7 4. Bb2 Bf6 5. Bxf6 Nxf6 6. Nc3 d6 7. d4 Nbd7 8. e3 O-O 9. Bd3 h6 10. O-O Qc7 11. Ne4 d5 12. Ng3 e5 13. dxe5 Nxe5 14. Nxe5 Qxe5 15. h3 Re8 16. Re1 Be6 17. Qc2 Rad8 18. Rad1 Qc7 19. e4 dxe4 20. Nxe4 Nxe4 21. Rxe4 Rd6 22. Re2 Red8 23. Red2 Kf8 24. Be2 Rxd2 25. Rxd2 Rxd2 26. Qxd2 Ke7 27. Qb4+ c5 28. Qa3 b6 29. Bf3 Bd7 30. Qb2 f6 31. Qe2+ Be6 32. Bd5 Qe5 33. Qxe5 fxe5 34. Be4 Kf6 35. h4 Bf5 36. f3 g5 37. hxg5+ Kxg5 38. Bxf5 Kxf5 39. g3 h5 40. Kf2 e4 41. Ke3 exf3 42. Kxf3 Kg5 43. Kf2 Kg4 44. Kg2 Kf5 45. Kf3 Kg5 1-0

[Event "10.Città di Padova Open A"]
[Site "Padova Ex Fornace Carotta"]
[Date "2007.12.23"]
[Round "9.17"]
[White "Belloni, Umberto"]
[Black "Chiesa, Roberto"]
[Result "0-1"]
[WhiteElo "1912"]
[BlackElo "1709"]
[Annotator "Gabriele Ballarin"]
[PlyCount "58"]
[EventDate "2007.12.15"]
[EventType "swiss"]
[EventRounds "9"]
[EventCountry "ITA"]

1. d4 d5 2. c3 Nf6 3. Bg5 Nbd7 4. Nd2 c5 5. e3 e6 6. Bd3 Be7 7. f4 b6 8. Qe2 Bb7 9. Ngf3 Rc8 10. O-O cxd4 11. cxd4 O-O 12. Bxf6 Nxf6 13. a3 a5 14. Ne5 Ne4 15. Rac1 f6 16. Ng4 f5 17. Ne5 Qd6 18. g4 Rxc1 19. Rxc1 Rc8 20. Rxc8+ Bxc8 21. Nf1 Qc7 22. gxf5 exf5 23. Qc2 Qxc2 24. Bxc2 Ba6 25. Bb3 Bb7 26. Kg2 g6 27. Kf3 Kg7 28. Ba2 Bd8 29. Ng3 Nf6 0-1

[Event "10.Città di Padova Open A"]
[Site "Padova Ex Fornace Carotta"]
[Date "2007.12.23"]
[Round "9.18"]
[White "Zanini, Andrea"]
[Black "De Marchi, Alessandro"]
[Result "1-0"]
[WhiteElo "1646"]
[BlackElo "1719"]
[Annotator "Gabriele Ballarin"]
[PlyCount "71"]
[EventDate "2007.12.15"]
[EventType "swiss"]
[EventRounds "9"]
[EventCountry "ITA"]

1. d4 e6 2. Nf3 d5 3. e3 c5 4. c3 Nc6 5. Bd3 Nf6 6. Nbd2 Bd6 7. dxc5 Bxc5 8. O-O O-O 9. e4 dxe4 10. Nxe4 Nxe4 11. Bxe4 Qxd1 12. Rxd1 f5 13. Bc2 h6 14. Bb3 Na5 15. Ba4 Be7 16. Ne5 b6 17. Nc6 Nxc6 18. Bxc6 Rb8 19. Bf4 Bb7 20. Bxb8 Bxc6 21. Bxa7 b5 22. Bd4 Ra8 23. Be5 b4 24. cxb4 Bxb4 25. a3 Be7 26. Rac1 Bd5 27. Rc7 Kf8 28. Bxg7+ Kxg7 29. Rxe7+ Kf6 30. Rh7 Kg6 31. Rc7 Rb8 32. b4 Ra8 33. Rd3 Be4 34. Rdc3 Rd8 35. Rc1 Rd3 36. R7c3 1-0

[Event "10.Città di Padova Open A"]
[Site "Padova Ex Fornace Carotta"]
[Date "2007.12.23"]
[Round "9.19"]
[White "Fortunato, Lorenzo"]
[Black "Mazzella, Riccardo"]
[Result "1-0"]
[WhiteElo "1440"]
[BlackElo "1371"]
[Annotator "Gabriele Ballarin"]
[PlyCount "153"]
[EventDate "2007.12.15"]
[EventType "swiss"]
[EventRounds "9"]
[EventCountry "ITA"]

1. e4 e5 2. Bc4 Nf6 3. d3 Be7 4. Nc3 O-O 5. Nge2 c6 6. Ng3 d5 7. Bb3 Bb4 8. Bd2 Qb6 9. Na4 Bxd2+ 10. Qxd2 Qd8 11. O-O-O d4 12. c3 Na6 13. cxd4 exd4 14. Qc2 Be6 15. Bxe6 fxe6 16. Nc5 Nxc5 17. Qxc5 b6 18. Qc4 Qe7 19. Rd2 Qc5 20. Qxc5 bxc5 21. f3 a5 22. Rc2 Nd7 23. Kb1 a4 24. a3 Rab8 25. Rd1 Rb3 26. Ne2 Rfb8 27. Ka1 e5 28. Rdd2 g5 29. Ng3 Kf7 30. Nf5 Kf6 31. g4 Rh8 32. Rc4 Ra8 33. Ng3 Ra5 34. Ka2 Rb8 35. Rc1 Kg6 36. Nf5 Kf6 37. h3 Nf8 38. Ng3 Ne6 39. Ne2 Kg6 40. Rh1 Rf8 41. Rf1 h5 42. gxh5+ Kxh5 43. Ng3+ Kg6 44. Nf5 Ra7 45. h4 gxh4 46. Nxh4+ Kf7 47. Ng2 Ke7 48. Rdf2 Kd6 49. f4 Raf7 50. fxe5+ Ke7 51. Rxf7+ Rxf7 52. Rxf7+ Kxf7 53. b3 axb3+ 54. Kxb3 Nc7 55. Nf4 Ke7 56. Ka4 Ne6 57. Nxe6 Kxe6 58. Kb3 Kxe5 59. a4 Kf4 60. a5 Ke3 61. Kc4 Kf4 62. a6 Ke5 63. Kxc5 Kf4 64. Kxd4 Kg5 65. a7 c5+ 66. Kxc5 Kf4 67. a8=Q Ke3 68. Kc4 Kd2 69. d4 Ke2 70. Qa3 Kf2 71. Qd3 Kg2 72. Qe3 Kh2 73. Qf3 Kg1 74. Qe2 Kh1 75. Kd3 Kg1 76. Ke3 Kh1 77. Kf3 1-0

[Event "10.Open B"]
[Site "Padova"]
[Date "2007.12.15"]
[Round "1"]
[White "Pechy, Alaster"]
[Black "Simioni, Tiziano"]
[Result "1-0"]
[WhiteElo "2165"]
[BlackElo "1733"]
[Annotator "Pechy,Alaster"]
[PlyCount "53"]
[EventDate "2007.12.15"]
[EventType "swiss"]
[EventRounds "2"]
[EventCountry "ITA"]

1. d4 Nf6 2. c4 e5 3. dxe5 Ng4 4. Bf4 Nc6 5. Nf3 Bb4+ 6. Nbd2 Qe7 7. a3 Ngxe5 8. Nxe5 Nxe5 9. Bxe5 Bxd2+ 10. Qxd2 Qxe5 11. O-O-O O-O 12. Qd4 d6 13. Qxe5 dxe5 14. c5 Be6 15. e3 e4 16. Rd4 f5 17. Bb5 c6 18. Ba4 b5 19. Rd6 Bd5 20. Bxb5 Rfd8 21. Bxc6 Bxc6 22. Rxc6 Rac8 23. Rxc8 Rxc8 24. b4 a5 25. Kc2 axb4 26. axb4 g5 27. h4 1-0

[Event "10.Open B"]
[Site "Padova"]
[Date "2007.12.16"]
[Round "2"]
[White "Quaranta, Gaetano"]
[Black "Pechy, Alaster"]
[Result "0-1"]
[WhiteElo "1836"]
[BlackElo "2165"]
[Annotator "Pechy,Alaster"]
[PlyCount "66"]
[EventDate "2007.12.15"]
[EventType "swiss"]
[EventRounds "2"]
[EventCountry "ITA"]

1. d4 b5 2. Nf3 Bb7 3. e3 a6 4. c4 bxc4 5. Bxc4 e6 6. O-O Nf6 7. Nc3 d5 8. Bd3 Nbd7 9. Qb3 Qc8 10. Qa4 Bd6 11. Qc2 {Le misteriose manovre di Donna di Quaranta} c5 12. b3 Qc6 13. Bb2 Rc8 14. Rac1 O-O 15. Rfd1 Rfe8 16. Qb1 e5 17. dxe5 Nxe5 18. Nxe5 Rxe5 19. Bf1 Rh5 20. h3 Bb8 21. Ne2 Qc7 22. g3 Ne4 23. Bg2 Re8 24. Qc2 d4 25. Bxd4 Nxf2 26. Kxf2 Bxg2 27. Kxg2 Qc6+ 28. Kh2 Qh6 29. Ng1 cxd4 30. Rxd4 Qxe3 31. Re4 Rxe4 32. Qxe4 Bxg3+ 33. Kh1 Qxe4+ 0-1

[Event "10.Open B"]
[Site "Padova"]
[Date "2007.12.16"]
[Round "3"]
[White "Pechy, Alaster"]
[Black "Boscolo, Federico"]
[Result "1-0"]
[WhiteElo "2165"]
[BlackElo "1560"]
[Annotator "Pechy,Alaster"]
[PlyCount "87"]
[EventDate "2007.12.15"]
[EventType "swiss"]
[EventRounds "2"]
[EventCountry "ITA"]

1. d4 d5 2. c4 e6 3. Nc3 Nf6 4. Bg5 Nbd7 5. e3 Be7 6. Nf3 O-O 7. Qc2 a6 8. a3 Re8 9. Rc1 dxc4 10. Bxc4 b5 11. Ba2 Bb7 12. Bb1 Nf8 13. O-O Ng6 14. Ne5 Nd5 15. Bxe7 Ndxe7 16. Rfd1 Nf5 17. Ne4 Qd5 $2 18. Qxc7 Rac8 19. Qxf7+ Kh8 20. Nxg6+ hxg6 21. Qxg6 Nh4 22. Qg4 g5 23. f3 Qf5 24. Qh5+ Kg8 25. Nxg5 Nxf3+ 26. gxf3 Bxf3 27. Bxf5 Bxh5 28. Bxe6+ Kg7 29. Rxc8 Rxc8 30. Bxc8 Bxd1 31. Bxa6 Kf6 32. Ne4+ Kf5 33. Ng3+ Ke6 34. Bxb5 Kd6 35. Bc4 Kc6 36. e4 Kd6 37. e5+ Kd7 38. Ne4 Bf3 39. Nf6+ Ke7 40. d5 Bxd5 41. Bxd5 Kd8 42. e6 Ke7 43. Ng8+ Ke8 44. Bc6+ 1-0

[Event "10.Open B"]
[Site "Padova"]
[Date "2007.12.22"]
[Round "4.3"]
[White "Boscolo, Marco"]
[Black "Pechy, Alaster"]
[Result "0-1"]
[WhiteElo "2080"]
[BlackElo "2165"]
[Annotator "Pechy,Alaster"]
[PlyCount "124"]
[EventDate "2007.12.15"]
[EventType "swiss"]
[EventRounds "2"]
[EventCountry "ITA"]

1. e4 c5 2. Nf3 d6 3. d4 cxd4 4. Nxd4 Nf6 5. Nc3 g6 6. Be3 Bg7 7. f3 O-O 8. Qd2 Nc6 9. Bc4 (9. O-O-O d5 (9... Nxd4 10. Bxd4 Be6 11. Kb1 Qc7 12. Nd5 (12. Nb5 Qc6 13. Nc3 Qc7 14. Nd5) 12... Nxd5 13. Bxg7 (13. exd5 Bxd4 14. Qxd4 Bf5 15. g4) 13... Kxg7 14. exd5 Bd7 15. h4 h5 16. g4 Rh8 17. Qd4+ Kg8 18. Bd3 (18. g5 Kh7 19. Bd3 Rhe8 20. Rhe1) 18... Qc5 19. Qxc5 dxc5 20. Rde1 hxg4 21. Rxe7 Rd8 22. fxg4 Bxg4 23. c4 Rd7 24. Re4 (24. Re8+) 24... f5 25. Re8+ Kg7 26. Rxh8 Kxh8 27. Kc2 Re7) 10. Nxc6 bxc6 11. exd5 cxd5 12. Nxd5 Nxd5 13. Qxd5 Qc7) 9... Bd7 10. O-O-O Qa5 11. Kb1 Rfc8 12. Bb3 Ne5 13. Rhe1 Nc4 14. Bxc4 Rxc4 15. Nd5 Qxd2 16. Rxd2 Nxd5 17. exd5 Rac8 18. c3 b6 (18... b5 19. Nc2 Bf5 20. Bxa7 b4 21. Rxe7 Bf6) 19. Nc2 Bf5 20. Kc1 Bxc2 21. Kxc2 R8c7 22. Bg5 f6 23. Be3 f5 24. Bg5 Kf7 25. Rde2 Bf6 26. Bxf6 Kxf6 27. Re3 b5 28. b3 R4c5 29. Rd3 b4 30. c4 e5 31. dxe6 d5 32. Rde3 Ke7 33. Re5 dxc4 34. Rxc5 Rxc5 35. bxc4 Rxc4+ 36. Kb3 Rd4 37. Re2 a5 38. Ka4 Rd5 39. Kb3 Rc5 40. f4 h5 41. g3 Rc3+ 42. Ka4 Ra3+ 43. Kb5 b3 44. axb3 Rxb3+ 45. Kxa5 h4 46. Ka4 Rf3 47. Rg2 hxg3 48. hxg3 Kxe6 49. Kb4 Kd5 50. Rg1 Kd4 51. g4 Rxf4 52. gxf5 gxf5 53. Kb3 Kd3 54. Kb2 Rf2+ 55. Kc1 f4 56. Rh1 f3 57. Rd1+ Ke3 58. Re1+ Re2 59. Rh1 f2 60. Kd1 Rd2+ 61. Kc1 Rd4 62. Rh3+ Ke2 0-1

[Event "10.Open B"]
[Site "Padova"]
[Date "2007.12.23"]
[Round "5.1"]
[White "Pechy, Alaster"]
[Black "Cacco, Christian"]
[Result "1-0"]
[WhiteElo "2165"]
[BlackElo "2284"]
[Annotator "Pechy,Alaster"]
[PlyCount "89"]
[EventDate "2007.12.15"]
[EventType "swiss"]
[EventRounds "2"]
[EventCountry "ITA"]

1. e4 g6 2. d4 Bg7 3. Nc3 c5 4. Nge2 Na6 5. Be3 Nf6 6. f3 Qa5 7. Nc1 cxd4 8. Nb3 Qc7 9. Nxd4 d6 10. Qd2 Nc5 11. O-O-O a6 12. Kb1 h5 13. h4 Be6 14. Nxe6 fxe6 15. e5 dxe5 16. Bxc5 Qxc5 17. Bd3 (17. Qg5) 17... Kf7 18. Ne4 Nxe4 19. Bxe4 Bf6 20. Qd3 Rhg8 21. g4 hxg4 22. fxg4 g5 23. h5 (23. hxg5 $1 Bxg5 (23... Rxg5 24. Rh7+ Bg7 25. Rf1+ Kg8 (25... Ke8 26. Bg6+) 26. Qh3) 24. Rh7+ Rg7 25. Bg6+ Kf6 26. Rf1+ Bf4 27. g5+) 23... Qb6 24. Qb3 Qxb3 25. axb3 Rab8 26. Rd7 b6 27. Rhd1 a5 28. c3 Rgc8 29. Kc2 Kg8 30. Ra7 Rd8 31. Rb7 Kf7 32. Rxd8 Rxd8 33. Rxb6 Rd6 34. Rb8 Ra6 35. h6 a4 36. h7 axb3+ 37. Kxb3 Ra1 38. h8=Q Bxh8 39. Rxh8 Re1 40. Bc6 e4 41. Rh2 Kf6 42. Kc4 Ke5 43. b4 Kf4 44. b5 e3 45. b6 1-0

[Event "10.Open B"]
[Site "Padova"]
[Date "2007.12.23"]
[Round "6.1"]
[White "Pechy, Alaster"]
[Black "Gromovs"]
[Result "0-1"]
[WhiteElo "2165"]
[BlackElo "2369"]
[Annotator "Pechy,Alaster"]
[PlyCount "138"]
[EventDate "2007.12.15"]
[EventType "swiss"]
[EventRounds "2"]
[EventCountry "ITA"]

1. d4 Nf6 2. c4 g6 3. Nc3 Bg7 4. e4 d6 5. f3 O-O 6. Be3 c5 7. Nge2 (7. dxc5) 7... Nc6 8. Qd2 cxd4 (8... Qa5 9. O-O-O a6 (9... cxd4 10. Nxd4 Nxd4 11. Bxd4 Be6 12. Kb1 Rfc8 13. Nd5 Qxd2 14. Rxd2 Nxd5 15. cxd5 Bxd4 16. Rxd4 Bd7 17. Be2 Kg7) 10. Kb1 b5 11. Nd5 (11. dxc5) 11... Nxd5 12. cxd5 Qxd2 13. Rxd2 Nxd4 14. Nxd4 cxd4 15. Bxd4 Bxd4 16. Rxd4 Kg7 17. Be2 Bd7 18. f4) (8... Bd7 9. O-O-O Qa5 10. dxc5 dxc5 11. Kb1 Rfd8 12. Nd5 (12. Nf4) 12... Nxd5 13. cxd5 Qb6 14. Rc1 Nd4 15. Nxd4 cxd4 16. Bg5 Re8 17. h4 e6 18. dxe6 Bxe6 19. h5 (19. Bd3 h5 20. g4 hxg4 21. h5 gxf3 22. hxg6 fxg6 23. Rcf1 Bg4 24. Bh6 (24. Qf4 Qe6) 24... Bh5 25. Bxg7 Kxg7 26. Qg5 Rh8 27. Qe7+ Kh6 28. Rxh5+ gxh5 29. Rxf3)) (8... b6 9. O-O-O Ba6) 9. Nxd4 a6 10. Be2 Bd7 11. O-O Rc8 12. Rac1 Nxd4 13. Bxd4 Be6 14. b3 Qa5 15. Be3 Rfe8 16. Rfd1 Nd7 17. Nd5 Qxd2 18. Rxd2 Bxd5 19. Rxd5 Rc6 20. Rcd1 Bc3 21. f4 Bb4 22. Bf3 (22. e5 e6 23. R5d3 $16) 22... e6 23. R5d3 e5 24. fxe5 Nxe5 25. Rd5 f5 26. Be2 fxe4 27. a4 Bc5 28. Bxc5 dxc5 29. a5 Rc7 30. Rb1 Kg7 31. b4 cxb4 32. Rxb4 Ree7 33. Kf2 e3+ 34. Kg3 Nd7 35. Kf4 Nc5 36. Re5 Rxe5 37. Kxe5 Rd7 38. Kf4 Re7 39. h4 h6 40. Kf3 Ne4 41. Rb2 Nc5 42. Rc2 $2 (42. Rb4) 42... Nb3 43. Ra2 Re5 44. Kf4 Kf6 45. Rb2 g5+ 46. hxg5+ hxg5+ 47. Kg4 Nxa5 48. Rb6+ Kf7 49. Kf3 Ke7 50. Rg6 Nc6 51. Kg4 Nd4 52. Bd3 Ne6 53. Rh6 e2 54. Bxe2 Rxe2 55. Rh7+ Kf6 56. Rxb7 Rxg2+ 57. Kf3 Rc2 58. Rb6 Kf5 59. Rxa6 Rc3+ 60. Kf2 Rxc4 61. Rb6 Rc2+ 62. Kg3 Nd4 63. Rb8 Ne2+ 64. Kf3 Nd4+ 65. Kg3 Rc3+ 66. Kf2 Kf4 67. Rb4 Rc2+ 68. Ke1 Ke3 69. Kf1 Rf2+ 0-1

[Event "68.Provinciale PD-RO"]
[Site "Monselice ITA"]
[Date "2008.01.11"]
[Round "1.4"]
[White "Belloni, Umberto"]
[Black "Meggiorin, Orlando"]
[Result "1/2-1/2"]
[WhiteElo "1912"]
[BlackElo "1511"]
[Annotator "Gabriele Ballarin"]
[PlyCount "92"]
[EventDate "2008.01.11"]
[EventType "swiss"]
[EventRounds "5"]
[EventCountry "ITA"]

1. d4 Nf6 2. c3 d5 3. Bg5 e6 4. e3 Be7 5. Bd3 Nbd7 6. Nd2 h6 7. Bh4 a6 8. f4 b5 9. b4 Nb6 10. Bxf6 Bxf6 11. Ngf3 Nc4 12. Nxc4 bxc4 13. Bc2 Bd7 14. O-O a5 15. a3 c6 16. Qd2 Qc7 17. Ne5 Bxe5 18. fxe5 axb4 19. axb4 Rxa1 20. Rxa1 O-O 21. e4 Qb7 22. exd5 cxd5 23. Qd1 Ra8 24. Qb1 Ra7 25. Ra2 Qa8 26. Rxa7 Qxa7 27. Qb2 Bb5 28. Kf1 Kf8 29. Bb1 Kg8 30. Qa2 Qxa2 31. Bxa2 Ba4 32. Bb1 Kf8 33. g3 Ke7 34. Kg2 Kf8 35. Kf3 Ke7 36. h4 Kf8 37. Kf4 (37. g4 Ke8 38. g5 hxg5 39. hxg5 g6 40. Ke3 Ke7 41. Kd2 Kd7 42. Bc2 Bb5 43. Kc1 Kc7 44. Kb2 Kb6 45. Ka3 Kc6) 37... Ke7 38. g4 Kf8 39. g5 hxg5+ 40. hxg5 g6 41. Ke3 Ke7 42. Kd2 Kd7 43. Bc2 Bb5 44. Kc1 Kc7 45. Kb2 Kb6 46. Ka3 Kc6 1/2-1/2

[Event "68.Provinciale PD-RO"]
[Site "Monselice ITA"]
[Date "2008.01.11"]
[Round "1.6"]
[White "Temporin, Alberto"]
[Black "Cesaro, Samuele"]
[Result "1-0"]
[WhiteElo "1865"]
[BlackElo "1365"]
[Annotator "Gabriele Ballarin"]
[PlyCount "61"]
[EventDate "2008.01.11"]
[EventType "swiss"]
[EventRounds "5"]
[EventCountry "ITA"]

1. e4 e5 2. Nf3 Nc6 3. Bc4 d6 4. h3 Nf6 5. Nc3 Ne7 6. d3 a6 7. a4 c6 8. O-O Qa5 9. Bd2 Qb6 10. Bb3 d5 11. Nxe5 Be6 12. exd5 Nfxd5 13. Nc4 Qc7 14. Ne4 O-O-O 15. a5 Ng6 16. Nb6+ Nxb6 17. axb6 Qe5 18. Bxe6+ fxe6 19. Qg4 Bd6 20. Nxd6+ Rxd6 21. Bc3 Qd5 22. Ra5 c5 23. b4 Rxb6 24. Rxc5+ Qxc5 25. bxc5 Rc6 26. Re1 Re8 27. d4 Ne7 28. Rxe6 Rxe6 29. Qxe6+ Kd8 30. Ba5+ b6 31. Bxb6# 1-0

[Event "68.Provinciale PD-RO"]
[Site "Monselice ITA"]
[Date "2008.01.12"]
[Round "2.6"]
[White "Cesaro, Samuele"]
[Black "Calicchia, Giovanni"]
[Result "0-1"]
[WhiteElo "1365"]
[BlackElo "1790"]
[Annotator "Gabriele Ballarin"]
[PlyCount "95"]
[EventDate "2008.01.11"]
[EventType "swiss"]
[EventRounds "5"]
[EventCountry "ITA"]

1. d4 Nf6 2. c4 e6 3. Nc3 d5 4. Bg5 c6 5. Nf3 Nbd7 6. e3 Be7 7. Bd3 dxc4 8. Bxc4 b5 9. Bd3 a6 10. e4 c5 11. e5 Nd5 12. Bxe7 Qxe7 13. Be4 Bb7 14. Qe2 N7b6 15. Bxd5 Nxd5 16. Nxd5 Bxd5 17. a3 O-O 18. O-O Bc4 19. Qc2 Bxf1 20. Rxf1 Rac8 21. h4 h6 22. g4 cxd4 23. Qd2 f6 24. Kg2 fxe5 25. Nxe5 Qc5 26. Re1 Qd5+ 27. f3 d3 28. Qxd3 Qxd3 29. Nxd3 Rc2+ 30. Kf1 Rxf3+ 31. Nf2 Rfxf2+ 32. Kg1 Kf7 33. Rf1 Rxf1+ 34. Kxf1 Rxb2 35. g5 hxg5 36. hxg5 Kg6 37. Ke1 Kxg5 38. Kd1 Ra2 39. Kc1 Rxa3 40. Kb2 b4 41. Kc2 Kf4 42. Kb2 Kf3 43. Kc2 e5 44. Kb2 e4 45. Kc2 Kf2 46. Kd1 Ra2 47. Kc1 e3 48. Kd1 0-1

[Event "68.Provinciale PD-RO"]
[Site "Monselice ITA"]
[Date "2008.01.13"]
[Round "4.6"]
[White "Belloni, Umberto"]
[Black "Cesaro, Samuele"]
[Result "1-0"]
[WhiteElo "1912"]
[BlackElo "1365"]
[Annotator "Gabriele Ballarin"]
[PlyCount "67"]
[EventDate "2008.01.11"]
[EventType "swiss"]
[EventRounds "5"]
[EventCountry "ITA"]

1. e4 e5 2. Nf3 Nc6 3. Bb5 d5 4. O-O Nge7 5. exd5 Nxd5 6. Nxe5 Bd6 7. Nxc6 bxc6 8. Bxc6+ Bd7 9. Bxd5 O-O 10. Bxa8 Qxa8 11. d4 Qd5 12. Nc3 Qb7 13. Qf3 c6 14. Ne4 Bb8 15. Nc5 Qc8 16. Nxd7 Qxd7 17. c3 Qc7 18. g3 Qc8 19. Re1 h6 20. Bf4 Bxf4 21. Qxf4 g5 22. Qf3 f5 23. Re7 Re8 24. Rxe8+ Qxe8 25. Qxf5 Qe2 26. Rb1 Qa6 27. Re1 Qb7 28. Re8+ Kg7 29. Rd8 a6 30. Rd7+ Qxd7 31. Qxd7+ Kg6 32. Qxc6+ Kh5 33. h3 a5 34. Qe8# 1-0

[Event "68.Provinciale PD-RO"]
[Site "Monselice ITA"]
[Date "2008.01.13"]
[Round "5.7"]
[White "Cesaro, Samuele"]
[Black "Meggiorin, Orlando"]
[Result "0-1"]
[WhiteElo "1365"]
[BlackElo "1511"]
[Annotator "Gabriele Ballarin"]
[PlyCount "118"]
[EventDate "2008.01.11"]
[EventType "swiss"]
[EventRounds "5"]
[EventCountry "ITA"]

1. d4 Nf6 2. c4 e6 3. Nc3 Bb4 4. Bd2 Bxc3 5. Bxc3 Ne4 6. Qd3 d5 7. f3 Qh4+ 8. g3 Nxg3 9. hxg3 Qxh1 10. Nh3 e5 11. g4 e4 12. fxe4 Qxe4 13. O-O-O Qxd3 14. exd3 dxc4 15. Re1+ Kd8 16. dxc4 Bxg4 17. Ng5 Bh5 18. Be2 Bg6 19. Bd3 Kd7 20. Bxg6 fxg6 21. Rf1 h6 22. Nf7 Re8 23. Ne5+ Rxe5 24. dxe5 Nc6 25. Rf7+ Ke6 26. Rxg7 Ne7 27. Bb4 Nf5 28. Rxg6+ Kxe5 29. Bc3+ Ke4 30. Rg4+ Kf3 31. Rg1 h5 32. Rf1+ Kg4 33. Rg1+ Ng3 34. Be1 h4 35. Kd2 Kf3 36. Bxg3 hxg3 37. Rf1+ Kg2 38. Rf7 Rc8 39. Ke2 Re8+ 40. Kd2 Kg1 41. Rxc7 Rb8 42. a4 g2 43. Ke2 Re8+ 44. Kd2 Rf8 45. Ke2 Rf2+ 46. Kd3 Kf1 47. Rxb7 g1=Q 48. c5 Qg4 49. c6 Qf3+ 50. Kd4 Qxc6 51. Rb5 Rd2+ 52. Ke3 Qd6 53. Rf5+ Ke1 54. Rg5 Qe6+ 55. Kf3 Rf2+ 56. Kg3 Qe3+ 57. Kg4 Rg2+ 58. Kf5 Rxg5+ 59. Kf6 Rg1 0-1

[Event "68..ITA Provinciale VE"]
[Site "Venezia Coletti"]
[Date "2008.01.26"]
[Round "1.1"]
[White "Civitareale, Alberto"]
[Black "Bettera, Roberto"]
[Result "0-1"]
[WhiteElo "1682"]
[BlackElo "2021"]
[Annotator "Gabriele Ballarin"]
[PlyCount "148"]
[EventDate "2008.01.26"]
[EventType "swiss"]
[EventRounds "5"]
[EventCountry "ITA"]

1. e4 e5 2. Nf3 Nc6 3. Bc4 Bc5 4. c3 Nf6 5. d4 exd4 6. cxd4 Bb4+ 7. Bd2 Bxd2+ 8. Nbxd2 d5 9. e5 dxc4 10. exf6 O-O 11. O-O Qxf6 12. Nxc4 Be6 13. Nce5 Ne7 14. b3 Rad8 15. Qc2 Nd5 16. Qc5 Nf4 17. Qxc7 Ne2+ 18. Kh1 Nxd4 19. Rad1 Nxf3 20. Nxf3 Rxd1 21. Rxd1 Qb2 22. Rd8 Qa1+ 23. Ng1 g6 24. Rxf8+ Kxf8 25. Qxb7 Qxa2 26. Qb8+ Ke7 27. Qc7+ Ke8 28. Qb8+ Kd7 29. Qb5+ Kd6 30. Qb4+ Kc6 31. Qe4+ Bd5 32. Qe8+ Kc5 33. Qe3+ Kc6 34. Qe8+ Kd6 35. Qd8+ Ke5 36. Qe7+ Kf5 37. Qd7+ Be6 38. Qd3+ Kf6 39. Qd4+ Ke7 40. Qc5+ Kd7 41. Qb5+ Kd6 42. Qb4+ Kc6 43. Qe4+ Kc5 44. Qe5+ Kb4 45. Qd4+ Kxb3 46. Qd3+ Kb4 47. Qd4+ Kb5 48. Qe5+ Kc6 49. Qe4+ Qd5 50. Qa4+ Kb6 51. Qb4+ Kc7 52. Qf4+ Qd6 53. Qc1+ Kb7 54. Qb1+ Qb6 55. Qe4+ Kc7 56. Qe5+ Kd7 57. Qf4 a5 58. Qa4+ Kc7 59. Qf4+ Qd6 60. Qa4 Qb4 61. Qc2+ Qc4 62. Qb2 a4 63. Qe5+ Kc6 64. Qa5 Qb5 65. Qa8+ Kc5 66. Qa7+ Kc4 67. Qc7+ Kb3 68. Qg3+ Kb2 69. Qe3 Qb3 70. Qd2+ Qc2 71. Qd4+ Ka2 72. h3 a3 73. Nf3 Qb2 74. Qd3 Qb1+ 0-1

[Event "68..ITA Provinciale VE"]
[Site "Venezia Coletti"]
[Date "2008.01.26"]
[Round "1.2"]
[White "Velluti, Alberto"]
[Black "Casagrande, Corrado"]
[Result "0-1"]
[WhiteElo "1948"]
[BlackElo "1532"]
[Annotator "Gabriele Ballarin"]
[PlyCount "134"]
[EventDate "2008.01.26"]
[EventType "swiss"]
[EventRounds "5"]
[EventCountry "ITA"]

1. e4 d5 2. exd5 Nf6 3. Nc3 Nxd5 4. Nxd5 Qxd5 5. d4 Nc6 6. Be3 e6 7. Nf3 b6 8. Bd3 Bb7 9. O-O Qh5 10. c4 Bd6 11. h3 Be7 12. a3 Rd8 13. b4 Bf6 14. Be4 O-O 15. Kh2 Nxd4 16. Bxb7 Nxf3+ 17. Qxf3 Qxf3 18. Bxf3 Bxa1 19. Rxa1 e5 20. c5 f5 21. cxb6 cxb6 22. a4 e4 23. Be2 f4 24. Bc1 Rd4 25. Rb1 f3 26. Bb5 Rd1 27. Bc4+ Kh8 28. Ba2 Rc8 29. Be3 Rxb1 30. Bxb1 Rc4 31. Bd2 e3 32. Bxe3 Rxb4 33. Bc2 fxg2 34. Kxg2 Rb2 35. Bd3 Ra2 36. Bb5 a6 37. Bd7 Rb2 38. Bc8 Ra2 39. Bd7 Rb2 40. Kf3 b5 41. a5 Ra2 42. Bb6 Rc2 43. Ke4 b4 44. Be6 Re2+ 45. Be3 Rb2 46. Kd3 Rb1 47. Bc8 Ra1 48. Bb6 b3 49. Bf5 b2 50. Kc4 b1=Q 51. Bxb1 Rxb1 52. Kc5 Rc1+ 53. Kd6 Kg8 54. Bc5 Rb1 55. Kc6 Kf7 56. Bb6 Ke7 57. Kb7 Kd7 58. Kxa6 Kc8 59. h4 Rh1 60. Bd4 Rxh4 61. Bxg7 Rf4 62. Kb6 Rxf2 63. a6 Kb8 64. Be5+ Ka8 65. Kc6 h5 66. Kd5 h4 67. a7 h3 0-1

[Event "68..ITA Provinciale VE"]
[Site "Venezia Coletti"]
[Date "2008.01.26"]
[Round "1.3"]
[White "Bastianello, Federico"]
[Black "Bozzao, Francesco"]
[Result "1/2-1/2"]
[WhiteElo "1440"]
[BlackElo "1917"]
[Annotator "Gabriele Ballarin"]
[PlyCount "124"]
[EventDate "2008.01.26"]
[EventType "swiss"]
[EventRounds "5"]
[EventCountry "ITA"]

1. c4 e5 2. Nc3 Nf6 3. g3 Nc6 4. Bg2 Bc5 5. e3 O-O 6. Nge2 Re8 7. O-O d5 8. cxd5 Nb4 9. Qa4 Bf5 10. e4 Bd7 11. Qb3 Qc8 12. Nd1 a5 13. Qc4 Ba7 14. a3 Na6 15. d3 b5 16. Qc2 b4 17. Be3 c5 18. dxc6 Qxc6 19. Qxc6 Bxc6 20. Rc1 Bb5 21. axb4 axb4 22. Bxa7 Rxa7 23. f4 Bxd3 24. Re1 Rae7 25. Nf2 Bxe2 26. Rxe2 Nd7 27. Rc6 Nac5 28. Rd6 f6 29. Nd3 Nxd3 30. Rxd3 Nc5 31. Rd5 Ne6 32. fxe5 fxe5 33. Rxe5 Nd4 34. Rxe7 Nxe2+ 35. Kf2 Rxe7 36. Kxe2 Rc7 37. Kd3 Kf8 38. e5 Ke7 39. Bd5 Rc1 40. b3 h6 41. Kd4 g5 42. Bc4 Rc2 43. h4 g4 44. Ke4 Rg2 45. Kf4 h5 46. Bd5 Rd2 47. Bc4 Rc2 48. Bd5 Rc3 49. Kg5 Rxg3 50. Kxh5 Re3 51. Kxg4 Rxe5 52. Bf3 Re3 53. Bd5 Rd3 54. Bg8 Kf8 55. Be6 Kg7 56. Kf4 Kh6 57. Ke4 Rc3 58. Kd4 Kh5 59. Bc4 Kxh4 60. Kc5 Kg5 61. Kxb4 Rc1 62. Kc5 Kf6 1/2-1/2